Đang tải...
Engineering mechanics: Dynamics /
| Tác giả chính: | |
|---|---|
| Định dạng: | Printed Book |
| Được phát hành: |
New Delhi:
Pearson Education,
2000.
|
| Phiên bản: | 1st. |
| Những chủ đề: |
| LEADER | 00540cam a2200169ua 4500 | ||
|---|---|---|---|
| 020 | |a 81-7808-175-X | ||
| 082 | |a 620.106 4 |b HIB/E | ||
| 100 | 0 | |a Hibbler,, R.C. | |
| 245 | 1 | 0 | |a Engineering mechanics: Dynamics / |
| 250 | |a 1st. | ||
| 260 | |a New Delhi: |b Pearson Education, |c 2000. | ||
| 300 | |a xv,624p.. | ||
| 650 | |a Engineering & allied operations | ||
| 650 | 0 | |a Applied fluidd mechanics | |
| 942 | |c BK | ||
| 999 | |c 91 |d 91 | ||
| 952 | |0 0 |1 0 |4 0 |6 620_106000000000000_4_HIB |7 0 |9 104 |a KUCL |b KUCL |d 2014-05-23 |l 0 |o 620.106 4 HIB/ |p 09385 |r 2014-05-23 |w 2014-05-23 |y BK | ||